| 000 | 00411nam a22001697a 4500 | ||
|---|---|---|---|
| 005 | 20250516165358.0 | ||
| 008 | 250516b |||||||| |||| 00| 0 eng d | ||
| 020 | _a9780071240376 | ||
| 050 |
_aHF5429 _b.L4828 LEV |
||
| 100 | _aLevy, Michael | ||
| 245 | _aRetailing management | ||
| 250 | _a5th | ||
| 260 |
_aBoston _bMcGraw-Hill _cc2004 |
||
| 300 | _a751p | ||
| 700 | _aWeitz, Barton A. | ||
| 942 |
_2lcc _cBK _n0 |
||
| 999 |
_c5828 _d5828 |
||